ბათუმის შოთა რუსთაველის სახელმწიფო უნივერსიტეტის ბიბლიოთეკა

თხზულებანი 10 ტომად : (ბიბ.ჩანაწერი № 39861)

000 -ლიდერი
ფიქსირებული სიგრძის საკონტროლო ველი 01344nam a2200253Ia 4500
001 - საკონტროლო ნომერი
საკონტროლო ველი 6466
003 - საკონტროლო ნომრის იდენტიფიკატორი
საკონტროლო ველი GE_BSU
005 - ბოლო ოპერაციის თარიღი და დრო
საკონტროლო ველი 20191127165247.0
008 - ფიქსირებული სიგრძის მონაცემთა ელემენტები - ზოგადი ინფორმაცია
ფიქსირებული სიგრძის საკონტროლო ველი 181216s2010||||ge |||||||||||||| ||geo||
020 ## - წიგნის საერთაშორისო სტანდარტული ნომერი
International Standard Book Number 9789941160578
040 ## - კატალოგიზაციის წყარო
Transcribing agency GE_BSU
041 ## - ენის კოდი
Language code of text/sound track or separate title geo
080 ## - უნივერსალური ათობითი კლასიფიკაციის ინდექსი
Universal Decimal Classification number 821.353.1-31 გ-19
100 ## - მთავარი ჩანაწერი - პიროვნების სახელი
Personal name გამსახურდია, კონსტანტინე
9 (RLIN) 1395
245 ## - ცნობა სათაურის შესახებ
Title თხზულებანი 10 ტომად :
Remainder of title ტ. 6. ვაზის ყვავილობა : პროლოგიანი და ეპილოგიანი რომანი /
Statement of responsibility, etc კონსტანტინე გამსახურდია ; შემდგ. მანანა არჩვაძე-გამსახურდია ; რედ. ნანა სუხიტაშვილი, ნათელა ჭყოიძე.
264 ## - წარმოების, გამოცემის, დისტრიბუციის და სხვა ცნობები
გამოცემის, წარმოების, დისტრიბუციის... ადგილი თბილისი :
გამოცემის, წარმოების, დისტრიბუციის... სახელწოდება საქართველოს მაცნე,
გამოცემის, წარმოების, დისტრიბუციის... თარიღი 2010.
300 ## - ფიზიკური აღწერა
Extent 692 გვ. ;
Dimensions 22 სმ.
653 ## - INDEX TERM--UNCONTROLLED
Uncontrolled term თხზულებანი
653 ## - INDEX TERM--UNCONTROLLED
Uncontrolled term ეპილოგიანი რომანი
700 ## - ADDED ENTRY--PERSONAL NAME
Personal name ჩხაიძე, ცისანა
Relator term რედაქტორი
9 (RLIN) 4698
700 ## - ADDED ENTRY--PERSONAL NAME
Personal name სუხიტაშვილი, ნანა
Relator term რედაქტორი
9 (RLIN) 5594
942 ## - ADDED ENTRY ELEMENTS (KOHA)
Koha item type წიგნი
Source of classification or shelving scheme
ეგზემპლარები
ჩამოწერის სტატუსი დაკარგული ეგზემპლარის სტატუსი კლასიფიკაციის წყარო ან თაროზე გაწყობის სქემა დაზიანების სტატუსი არ გაიცემა მუდმივი მდებარეობა (დაცვის ადგილი) ამჟამინდელი ადგილსამყოფელი თაროზე განთავსების ადგილი შეძენის თარიღი ღირებულება, შესყიდვის ნორმალური ფასი სრული შენახვის შიფრი შტრიხკოდი ბოლო ოპერაციის თარიღი ეგზემპლარის მიმდევრობითი ნომერი (კეტერი?) ფასის ძალაში შესვლის თარიღი ეგზემპლარის სახეობა საჯარო შენიშვნა
          ბათუმის შოთა რუსთაველის სახელმწიფო უნივერსიტეტის მთავარი ბიბლიოთეკა ბათუმის შოთა რუსთაველის სახელმწიფო უნივერსიტეტის მთავარი ბიბლიოთეკა წიგნსაცავი 2018-12-17 17.00 821.353.1-31 გ-19 6835 2018-12-17 6835 2018-12-17 წიგნი 17 ლ.